[Event "40th Olympiad Open"]
[Site "Istanbul TUR"]
[Date "2012.09.05"]
[Round "8.29"]
[Board "1"]
[White "Matamoros Franco, Carlos S."]
[Black "Morovic Fernandez, Ivan"]
[Result "0-1"]
[WhiteTitle "GM"]
[BlackTitle "GM"]
[WhiteElo "2548"]
[BlackElo "2575"]
[WhiteTeam "Ecuador"]
[BlackTeam "Chile"]
[WhiteFideId "3600017"]
[BlackFideId "3405400"]
[EventDate "2012.08.28"]

1. c4 Nf6 2. g3 g6 3. Bg2 Bg7 4. Nc3 O-O 5. d4 d6 6. Nf3 c6 7. O-O Bf5 8. b3 Ne4
9. Bb2 Nxc3 10. Bxc3 Be4 11. e3 d5 12. Bh3 Bxf3 13. Qxf3 e6 14. e4 dxc4 15. bxc4
Bxd4 16. e5 c5 17. Bxd4 cxd4 18. Qxb7 Nd7 19. Bg2 Rc8 20. Qxa7 Nxe5 21. c5 d3
22. a4 Qd4 23. a5 Rxc5 24. a6 d2 25. Rad1 Nc4 26. Qe7 Ra5 27. Bb7 Nb2 28. Qh4
Qxh4 29. gxh4 Rd8 0-1

[Event "40th Olympiad Open"]
[Site "Istanbul TUR"]
[Date "2012.09.05"]
[Round "8.29"]
[Board "2"]
[White "Vasquez Schroeder, Rodrigo"]
[Black "Guerra Tulcan, Lenin"]
[Result "1-0"]
[WhiteTitle "GM"]
[BlackTitle "FM"]
[WhiteElo "2533"]
[BlackElo "2424"]
[WhiteTeam "Chile"]
[BlackTeam "Ecuador"]
[WhiteFideId "3400042"]
[BlackFideId "3601382"]
[EventDate "2012.08.28"]

1. d4 Nf6 2. c4 c5 3. d5 b5 4. cxb5 a6 5. bxa6 Bxa6 6. Nc3 g6 7. g3 d6 8. Bg2
Bg7 9. Nf3 Nbd7 10. Rb1 O-O 11. O-O Ne8 12. Qc2 Nc7 13. Rd1 Ra7 14. e4 Qa8 15.
b3 Rb8 16. a4 Rb4 17. Na2 Rb8 18. Bb2 Bxb2 19. Rxb2 Bc8 20. Bf1 Rab7 21. h3 Nf6
22. Nc3 Rb4 23. Kh2 e6 24. dxe6 Bxe6 25. Rxd6 Nxe4 26. Nxe4 Qxe4 27. Qxe4 Rxe4
28. Rc6 Ne8 29. Ng5 Rxa4 30. Nxe6 fxe6 31. Rxc5 Rab4 32. Bc4 R4b6 33. Re2 Kf7
34. f4 Ng7 35. Rc7+ Kf6 36. g4 R8b7 37. g5+ Kf5 38. Rxg7 Kxf4 39. Rxb7 Rxb7 40.
h4 e5 41. Kh3 Rd7 42. Rf2+ Ke3 43. Kg3 Rd1 44. Rf3+ Kd4 45. Rf7 Rh1 46. Rd7+ 1-0

[Event "40th Olympiad Open"]
[Site "Istanbul TUR"]
[Date "2012.09.05"]
[Round "8.29"]
[Board "4"]
[White "Valdes Escobar, Alvaro"]
[Black "Mieles Palau, Daniel"]
[Result "0-1"]
[WhiteTitle "IM"]
[BlackTitle "IM"]
[WhiteElo "2402"]
[BlackElo "2370"]
[WhiteTeam "Chile"]
[BlackTeam "Ecuador"]
[WhiteFideId "3405451"]
[BlackFideId "3600467"]
[EventDate "2012.08.28"]

1. c4 c5 2. Nf3 g6 3. d4 cxd4 4. Nxd4 Bg7 5. e4 Nf6 6. Nc3 d6 7. Be2 Nc6 8. Be3
O-O 9. O-O Bd7 10. Qd2 Nxd4 11. Bxd4 Bc6 12. f3 a5 13. b3 Nd7 14. Be3 Nc5 15.
Rab1 Qb6 16. Rfc1 Rfc8 17. Rc2 h5 18. Bf1 Kh7 19. Kh1 Qd8 20. Nd5 e6 21. Nc3 Qf8
22. Rd1 Rd8 23. Nb5 b6 24. Qf2 Rd7 25. Nd4 Bb7 26. Rcd2 Rad8 27. Bg5 f6 28. Be3
Bh6 29. Bxh6 Qxh6 30. a3 e5 31. Nb5 Nxb3 32. Rxd6 Nc5 33. Qd2 Qxd2 34. R1xd2 Bc6
35. Rxd7+ Rxd7 36. Rxd7+ Bxd7 37. Kg1 Bxb5 38. cxb5 h4 39. Kf2 Kg7 40. g3 hxg3+
41. hxg3 Kf7 42. Ke3 Ke6 43. f4 Kd6 44. Bc4 Na4 45. Bf7 g5 46. fxg5 fxg5 47. Kf3
Nc3 48. Be8 Nb1 49. Kg4 Ke7 50. Bc6 Kf6 51. Kf3 Nxa3 52. Ke2 Nc2 53. Kd3 Nd4 54.
Kc4 Ke6 55. Be8 Kd6 56. Bh5 Ne6 57. Bd1 Nc5 58. Bc2 Nd7 59. Bd3 Nf6 60. Bc2 Nh5 0-1

[Event "40th Olympiad Open"]
[Site "Istanbul TUR"]
[Date "2012.09.05"]
[Round "8.30"]
[Board "1"]
[White "Nanjo, Ryosuke"]
[Black "Amin, Bassem"]
[Result "0-1"]
[WhiteTitle "CM"]
[BlackTitle "GM"]
[WhiteElo "2316"]
[BlackElo "2643"]
[WhiteTeam "Japan"]
[BlackTeam "Egypt"]
[WhiteFideId "7000634"]
[BlackFideId "10601457"]
[EventDate "2012.08.28"]

1. e4 e5 2. Nf3 Nc6 3. Bb5 a6 4. Ba4 Nf6 5. O-O Be7 6. Re1 b5 7. Bb3 O-O 8. h3
d6 9. c3 Nb8 10. d4 Nbd7 11. Nbd2 Bb7 12. Bc2 Re8 13. Nf1 Bf8 14. Ng3 g6 15. a4
c5 16. d5 c4 17. Bg5 h6 18. Be3 Nc5 19. Qd2 h5 20. Bg5 Be7 21. Ra3 Nh7 22. Be3
Qc7 23. Rea1 Reb8 24. Ne2 bxa4 25. Bxc5 Qxc5 26. Bxa4 Nf6 27. Ng3 h4 28. Nxh4
Nxe4 29. Nxe4 Qxd5 30. Nxg6 fxg6 31. Re1 Qxd2 32. Nxd2 Bd5 33. b3 cxb3 34. Nxb3
Rc8 35. Nd2 Kg7 36. Bc2 Bf7 37. Bd3 a5 38. Rea1 d5 39. Rxa5 Rxa5 40. Rxa5 Rxc3
41. Ba6 Bc5 42. Nf1 e4 43. Bb7 Rc1 44. g4 Kf6 45. Ra2 d4 46. Ra6+ Ke5 47. Ra5
Kf4 48. Kg2 e3 49. Ng3 Rc2 50. Ne4 e2 51. Rxc5 Rxc5 52. Nxc5 Bc4 0-1

[Event "40th Olympiad Open"]
[Site "Istanbul TUR"]
[Date "2012.09.05"]
[Round "8.30"]
[Board "3"]
[White "Averbukh, Alex"]
[Black "Ezat, Mohamed"]
[Result "0-1"]
[BlackTitle "IM"]
[WhiteElo "2211"]
[BlackElo "2453"]
[WhiteTeam "Japan"]
[BlackTeam "Egypt"]
[WhiteFideId "2028255"]
[BlackFideId "10600906"]
[EventDate "2012.08.28"]

1. e4 c6 2. d4 d5 3. exd5 cxd5 4. c4 Nf6 5. Nc3 Be6 6. Qb3 Nc6 7. cxd5 Nxd5 8.
Qxb7 Nxd4 9. Bb5+ Nxb5 10. Qxb5+ Qd7 11. Qxd7+ Kxd7 12. Nge2 g6 13. O-O Nxc3 14.
Nxc3 Bg7 15. Rd1+ Kc6 16. Bg5 Rhd8 17. Bxe7 Rxd1+ 18. Nxd1 a5 19. Bg5 a4 20.
Rc1+ Kd7 21. a3 Rb8 22. Bf4 Rb5 23. Rc2 Bb3 24. Rd2+ Ke6 25. Ne3 Rc5 26. Re2 Kd7
27. Ng4 Rc4 28. g3 f6 29. h4 Rd4 30. Nh2 Rd1+ 31. Kg2 Bd5+ 32. f3 f5 33. Be5
Bxe5 34. Rxe5 Rd2+ 35. Kg1 Kd6 36. Nf1 Rxb2 37. Re3 Bc4 38. Rc3 Bxf1 39. Kxf1
Rb3 40. Rc8 Rxf3+ 41. Kg2 Rxa3 42. Rh8 Re3 43. Kf2 Re7 44. Ra8 Re4 45. Ra5 Kc6
46. Ra7 Kb6 47. Rxh7 a3 48. Rd7 a2 49. Rd1 Ra4 50. Ra1 Kc5 51. Kf3 Kc4 52. h5
gxh5 53. Kf4 Kb3+ 54. Kxf5 Kb2 55. Ke5 0-1

[Event "40th Olympiad Open"]
[Site "Istanbul TUR"]
[Date "2012.09.05"]
[Round "8.30"]
[Board "4"]
[White "Abdel Razik, Khaled"]
[Black "Iwasaki, Yudai"]
[Result "1-0"]
[WhiteTitle "IM"]
[BlackTitle "CM"]
[WhiteElo "2448"]
[BlackElo "2137"]
[WhiteTeam "Egypt"]
[BlackTeam "Japan"]
[WhiteFideId "10601104"]
[BlackFideId "7000626"]
[EventDate "2012.08.28"]

1. d4 Nf6 2. c4 g6 3. Nc3 Bg7 4. e4 d6 5. Be2 O-O 6. h4 c5 7. d5 e6 8. h5 exd5
9. cxd5 Qe8 10. Rh4 a6 11. a4 Nbd7 12. hxg6 fxg6 13. Nf3 Ne5 14. Ra3 Nxf3+ 15.
gxf3 Nh5 16. a5 Qe7 17. Rh1 Nf4 18. Bf1 Bd7 19. Rb3 Rab8 20. Rb6 c4 21. Bxc4
Rbc8 22. Bf1 Rc7 23. Qb3 Bc8 24. Be3 Be5 25. Rb4 Qf6 26. Kd2 Nh5 27. Be2 Nf4 28.
Bd1 Rff7 29. Bb6 Qg5 30. Kc2 Rce7 31. Qc4 Re8 32. Qf1 Bd7 33. Kb3 Qf6 34. Rc4
Rc8 35. Ka2 Rff8 36. Ba4 Qe7 37. Be3 Rxc4 38. Qxc4 Rc8 39. Qb3 Bxa4 40. Nxa4 Ne2
41. Nb6 Rc7 42. Qd3 Nf4 43. Qd2 g5 44. Rg1 Kf8 45. Bd4 h6 46. Bxe5 Qxe5 47. Rc1
Rxc1 48. Nd7+ 1-0

[Event "40th Olympiad Open"]
[Site "Istanbul TUR"]
[Date "2012.09.05"]
[Round "8.31"]
[Board "1"]
[White "Iturrizaga, Eduardo"]
[Black "Fernandes, Antonio"]
[Result "1-0"]
[WhiteTitle "GM"]
[BlackTitle "GM"]
[WhiteElo "2627"]
[BlackElo "2395"]
[WhiteTeam "Venezuela"]
[BlackTeam "Portugal"]
[WhiteFideId "3901211"]
[BlackFideId "1900021"]
[EventDate "2012.08.28"]

1. d4 Nf6 2. c4 g6 3. f3 c5 4. d5 e5 5. e4 d6 6. Bd3 Nh5 7. Ne2 Be7 8. g3 Bh3 9.
Rg1 f5 10. Nbc3 Nd7 11. Be3 Ndf6 12. exf5 gxf5 13. Qd2 Qd7 14. O-O-O O-O-O 15.
Rge1 Rhg8 16. Ng1 f4 17. Nxh3 Qxh3 18. Qc2 Ng7 19. gxf4 Nd7 20. fxe5 Nxe5 21.
Bxc5 Bg5+ 22. Be3 Bxe3+ 23. Rxe3 Qh6 24. Qd2 Rdf8 25. Kb1 Kb8 26. Nb5 a6 27. Nd4
Qf4 28. Be2 Nf5 29. Nxf5 Rxf5 30. Qc3 Rc8 31. h3 Qh2 32. Qb4 Nd7 1-0

[Event "40th Olympiad Open"]
[Site "Istanbul TUR"]
[Date "2012.09.05"]
[Round "8.31"]
[Board "3"]
[White "Ynojosa, Felix Jose"]
[Black "Ferreira, Jorge Viterbo"]
[Result "1-0"]
[WhiteTitle "FM"]
[BlackTitle "FM"]
[WhiteElo "2374"]
[BlackElo "2338"]
[WhiteTeam "Venezuela"]
[BlackTeam "Portugal"]
[WhiteFideId "3900258"]
[BlackFideId "1910850"]
[EventDate "2012.08.28"]

1. e4 c6 2. c4 e5 3. Nf3 d6 4. Nc3 Nf6 5. d4 Nbd7 6. Be2 Be7 7. O-O O-O 8. d5 a6
9. a3 cxd5 10. cxd5 b5 11. Ne1 Nb6 12. Nd3 Bd7 13. Nb4 Qc7 14. Be3 Rfc8 15. Rc1
Qb7 16. b3 Bd8 17. Kh1 Rxc3 18. Rxc3 Nxe4 19. Rc1 Nf6 20. Nc6 Nbxd5 21. Nxd8
Rxd8 22. Bg5 Qb6 23. Bf3 Ne7 24. Qe1 Be6 25. Be3 Qb8 26. Qa5 Bxb3 27. Ba7 1-0

[Event "40th Olympiad Open"]
[Site "Istanbul TUR"]
[Date "2012.09.05"]
[Round "8.31"]
[Board "4"]
[White "Padeiro, Jose"]
[Black "Martinez Reyes, Pedro Ramon"]
[Result "0-1"]
[WhiteTitle "FM"]
[WhiteElo "2354"]
[BlackElo "2198"]
[WhiteTeam "Portugal"]
[BlackTeam "Venezuela"]
[WhiteFideId "1901311"]
[BlackFideId "3901807"]
[EventDate "2012.08.28"]

1. d4 d5 2. c4 dxc4 3. Nf3 Nf6 4. e3 c5 5. Bxc4 e6 6. O-O Nc6 7. Nc3 Be7 8. Qe2
cxd4 9. Rd1 O-O 10. exd4 Na5 11. Bd3 b6 12. a3 Nb3 13. Rb1 Nxc1 14. Rbxc1 Bb7
15. Ne5 Nd5 16. Be4 f6 17. Nd3 Qd7 18. Nxd5 exd5 19. Bf3 Bd6 20. Qc2 Rad8 21.
Qb3 Bb8 22. g3 Qf5 23. Nb4 Qd7 24. Re1 a5 25. Nc2 Qd6 26. Ne3 g6 27. Ng2 g5 28.
Qd3 Qd7 29. Re3 g4 30. Bd1 Rfe8 31. Bc2 Re4 32. Qe2 f5 33. Bxe4 fxe4 34. Rec3
Rf8 35. Qe3 Qf5 36. Rb3 Rf6 37. Nh4 Qh5 38. Rbc3 Bd6 39. Qe2 Qg5 40. Qb5 Qd2 41.
Qe8+ Bf8 42. R3c2 Qxd4 43. Ng2 Bc6 44. Qd8 Ba4 45. Ne3 Bxc2 46. Rxc2 Rd6 47. Qa8
h5 48. Rc8 Rf6 49. Qxd5+ Qxd5 50. Nxd5 Rd6 51. Nf4 h4 52. gxh4 Kf7 53. Rc7+ Kf6
54. Rc2 Bh6 55. Ne2 Ke5 56. Ng3 a4 57. Rc4 e3 58. Re4+ Kf6 59. fxe3 Rd1+ 60. Nf1
Rb1 61. Rxg4 Bxe3+ 62. Kg2 Rxb2+ 63. Kg3 Bf2+ 64. Kf3 Bc5 65. Ng3 Rb3+ 66. Ke2
Rxa3 67. h5 Ra2+ 68. Kd3 a3 69. Ne4+ Kf5 70. Rg5+ Kf4 71. h4 Rb2 72. Nxc5 a2 73.
Ne6+ Kf3 74. Nd4+ Kf2 75. Rf5+ Kg2 76. Rg5+ Kh1 77. Nc2 Rxc2 78. Kd4 0-1

[Event "40th Olympiad Open"]
[Site "Istanbul TUR"]
[Date "2012.09.05"]
[Round "8.32"]
[Board "2"]
[White "Li, Ruofan"]
[Black "Michiels, Bart"]
[Result "0-1"]
[WhiteTitle "IM"]
[BlackTitle "IM"]
[WhiteElo "2419"]
[BlackElo "2509"]
[WhiteTeam "Singapore"]
[BlackTeam "Belgium"]
[WhiteFideId "8600643"]
[BlackFideId "202967"]
[EventDate "2012.08.28"]

1. d4 d5 2. c4 c6 3. Nf3 Nf6 4. Nc3 e6 5. Bg5 Nbd7 6. cxd5 exd5 7. e3 Be7 8. Bd3
O-O 9. Qc2 Re8 10. O-O-O Nf8 11. Ne5 Ng4 12. h4 Nxe5 13. dxe5 Qa5 14. Bxe7 Rxe7
15. f4 Qc5 16. Qe2 h5 17. Qd2 b5 18. Kb1 a5 19. Rc1 Qb6 20. Ka1 a4 21. Bxb5 a3
22. b3 cxb5 23. Nxd5 Qb7 24. Nxe7+ Qxe7 25. Qd6 Qb7 26. Qc6 Qxc6 27. Rxc6 Bb7
28. Rc5 Bxg2 29. Rg1 Bf3 30. f5 Rb8 31. Rc7 Bg4 32. e4 Re8 33. Rc5 Nd7 34. Rxb5
Nxe5 35. Ra5 Nf3 36. Rh1 Rxe4 37. Rxa3 Bxf5 38. b4 Nd4 39. Ra8+ Kh7 40. Ra5 Re2
41. b5 Re5 42. Rd1 Nc2+ 43. Kb2 Ne3 44. Rd4 Bd3 45. Rxd3 Nc4+ 46. Kc3 Nxa5 47.
Kb4 Nb7 48. b6 f5 49. Rd7 Nc5 50. Ra7 f4 51. Kc4 Kg6 52. Rc7 Na6 53. Rc6+ Kf7
54. b7 f3 55. Rxa6 f2 56. Kd4 f1=Q 57. Kxe5 Qb5+ 58. Kf4 Qxb7 59. Ra4 Qc7+ 60.
Kf3 Qc3+ 61. Kf4 Qd2+ 62. Kf5 Qd7+ 0-1

[Event "40th Olympiad Open"]
[Site "Istanbul TUR"]
[Date "2012.09.05"]
[Round "8.32"]
[Board "3"]
[White "Ringoir, Tanguy"]
[Black "Shanmugam, Ravindran"]
[Result "1-0"]
[WhiteTitle "IM"]
[BlackTitle "IM"]
[WhiteElo "2448"]
[BlackElo "2406"]
[WhiteTeam "Belgium"]
[BlackTeam "Singapore"]
[WhiteFideId "208027"]
[BlackFideId "5801770"]
[EventDate "2012.08.28"]

1. e4 e5 2. Nf3 Nc6 3. Bb5 a6 4. Ba4 Nf6 5. O-O Nxe4 6. d4 b5 7. Bb3 d5 8. dxe5
Be6 9. Nbd2 Bc5 10. Qe2 Nxd2 11. Bxd2 O-O 12. Rad1 Bg4 13. c3 Re8 14. Bf4 Nxe5
15. Bxe5 c6 16. Rde1 f6 17. Qc2 Bxf3 18. Bd4 Bxd4 19. cxd4 Rxe1 20. Rxe1 Bh5 21.
Qxc6 Bf7 22. h3 h6 23. Rc1 Ra7 24. Qc8 Qxc8 25. Rxc8+ Kh7 26. f3 Re7 27. Kf2 Bg6
28. Bxd5 Bd3 29. Rc3 Re2+ 30. Kf1 Re5+ 31. Rxd3 Rxd5 32. Kf2 Kg6 33. Ke3 Kf5 34.
Rc3 Rd7 35. Rc5+ Ke6 36. Rc6+ Kd5 37. Rxa6 Re7+ 38. Kd3 Re1 39. Rb6 Rd1+ 40. Ke2
Rc1 41. Rxb5+ Kxd4 42. Kf2 Rc2+ 43. Kg3 Ke3 44. Rb7 Ke2 45. Rxg7 Rxb2 46. Kh4
Rxa2 47. Kh5 Kf1 48. Kxh6 Rxg2 49. Rxg2 Kxg2 50. f4 Kxh3 51. f5 Kg4 52. Kg6 1-0

[Event "40th Olympiad Open"]
[Site "Istanbul TUR"]
[Date "2012.09.05"]
[Round "8.33"]
[Board "1"]
[White "Grandelius, Nils"]
[Black "Adu, Oladapo"]
[Result "1-0"]
[WhiteTitle "GM"]
[BlackTitle "IM"]
[WhiteElo "2562"]
[BlackElo "2227"]
[WhiteTeam "Sweden"]
[BlackTeam "Nigeria"]
[WhiteFideId "1710400"]
[BlackFideId "8500258"]
[EventDate "2012.08.28"]

1. d4 g6 2. c4 d6 3. Nf3 Bg7 4. Nc3 Bg4 5. e3 Nf6 6. Be2 O-O 7. O-O c6 8. h3
Bxf3 9. Bxf3 Nbd7 10. e4 Qc7 11. Be3 e5 12. d5 c5 13. Qd2 Kh8 14. g3 Rae8 15. b4
a6 16. Rab1 b6 17. Qb2 Rb8 18. Qa3 cxb4 19. Rxb4 a5 20. Rb3 Nc5 21. Bxc5 dxc5
22. Rfb1 Nd7 23. Qa4 Qd8 24. d6 f5 25. Qc6 Rc8 26. Qb7 Rf6 27. Nb5 Bf8 28. exf5
gxf5 29. Bc6 Rf7 30. Bd5 Rf6 31. Bc6 Rf7 32. Rd1 e4 33. Bxd7 Rxd7 34. Qd5 Qf6
35. f3 a4 36. Ra3 Re8 37. fxe4 fxe4 38. Rf1 Qg7 39. Nc7 Rb8 40. Ne6 Rxd6 41.
Qxd6 Bxd6 42. Nxg7 Kxg7 43. Re1 Re8 44. Rae3 Kf6 45. Rxe4 Rxe4 46. Rxe4 Bxg3 47.
Kg2 Be5 48. Kf3 Kf5 49. Rh4 Kg6 50. Ke4 Bc3 51. Rg4+ Kh5 52. Kd5 a3 53. Kc6 Ba5
54. Kb5 Kh6 55. Rg3 Kh5 56. Rxa3 Kh4 57. Rxa5 bxa5 58. Kxc5 Kxh3 59. Kb5 Kg2 60.
c5 1-0

[Event "40th Olympiad Open"]
[Site "Istanbul TUR"]
[Date "2012.09.05"]
[Round "8.33"]
[Board "2"]
[White "Bomo, Kigigha"]
[Black "Tikkanen, Hans"]
[Result "0-1"]
[WhiteTitle "CM"]
[BlackTitle "GM"]
[WhiteElo "2046"]
[BlackElo "2570"]
[WhiteTeam "Nigeria"]
[BlackTeam "Sweden"]
[WhiteFideId "8500037"]
[BlackFideId "1706446"]
[EventDate "2012.08.28"]

1. c4 e5 2. g3 Nc6 3. Nc3 f5 4. Bg2 Nf6 5. e3 d5 6. cxd5 Nb4 7. d3 c6 8. Nge2
cxd5 9. O-O Be7 10. a3 Na6 11. d4 e4 12. Qb3 g5 13. f3 Nc7 14. fxe4 fxe4 15. Bd2
Be6 16. Qxb7 Rb8 17. Qxa7 O-O 18. Qa4 Rxb2 19. Ra2 Bd7 20. Qd1 Rxa2 21. Nxa2
Bxa3 22. Qb3 Bd6 23. Ba5 Be6 24. Nac3 Ng4 25. Rxf8+ Qxf8 26. Nd1 Ne8 27. Bxe4
Nxh2 28. Nf2 Qf7 29. Bg2 Nf3+ 30. Kf1 h5 31. Qd3 Bf5 32. Qb5 Be4 33. Bc3 Kf8 34.
Bb4 Kg7 35. Bc3 Nh2+ 36. Kg1 Bxg2 37. Kxg2 Qf3+ 38. Kxh2 Qxf2+ 39. Kh1 Qf1+ 40.
Kh2 Nf6 41. Qb7+ Kh6 42. Ng1 Ng4+ 43. Kh1 Nf2+ 44. Kh2 Bxg3+ 45. Kxg3 Ne4+ 0-1

[Event "40th Olympiad Open"]
[Site "Istanbul TUR"]
[Date "2012.09.05"]
[Round "8.35"]
[Board "4"]
[White "Arngrimsson, Dagur"]
[Black "Pacheco, Marco"]
[Result "0-1"]
[WhiteTitle "IM"]
[BlackTitle "FM"]
[WhiteElo "2375"]
[BlackElo "2383"]
[WhiteTeam "Iceland"]
[BlackTeam "Peru"]
[WhiteFideId "2301288"]
[BlackFideId "3800989"]
[EventDate "2012.08.28"]

1. d4 Nf6 2. c4 e6 3. Nc3 Bb4 4. Qc2 O-O 5. a3 Bxc3+ 6. Qxc3 Ne4 7. Qc2 f5 8.
Nh3 d6 9. f3 Nf6 10. e3 e5 11. dxe5 dxe5 12. Be2 f4 13. Nf2 Nc6 14. O-O Nh5 15.
Bd3 h6 16. Rd1 Qf6 17. Ne4 Qf7 18. b4 Bf5 19. b5 Ne7 20. exf4 Nxf4 21. Bf1 Qg6
22. Be3 Kh8 23. Kh1 Ng8 24. g3 Ne6 25. Qc3 Bxe4 26. fxe4 Nf6 27. Bg2 Ng4 28. Bg1
Ng5 29. Qe1 Qh5 30. Rd2 Rf7 31. Rad1 Kh7 32. Rd8 Rxd8 33. Rxd8 Nh3 34. Bxh3 Qxh3
35. Rd2 Rf1 36. Qe2 Nf2+ 37. Qxf2 Rxf2 38. Rxf2 Qg4 0-1

[Event "40th Olympiad Open"]
[Site "Istanbul TUR"]
[Date "2012.09.05"]
[Round "8.36"]
[Board "1"]
[White "Mohamed, Hassan MDV"]
[Black "Sambuev, Bator"]
[Result "0-1"]
[BlackTitle "GM"]
[WhiteElo "1790"]
[BlackElo "2523"]
[WhiteTeam "Maldives"]
[BlackTeam "Canada"]
[WhiteFideId "16700058"]
[BlackFideId "4128290"]
[EventDate "2012.08.28"]

1. e4 e6 2. d4 d5 3. exd5 exd5 4. Nf3 Nc6 5. Be3 Bg4 6. Bb5 Bd6 7. c4 dxc4 8.
Bxc4 Nf6 9. Nc3 O-O 10. O-O h6 11. h3 Bh5 12. Re1 a6 13. a3 b5 14. Bd3 Ne7 15.
Ne4 Nfd5 16. g4 Bg6 17. Nxd6 cxd6 18. Qd2 Qd7 19. Nh4 Bxd3 20. Qxd3 f5 21. f3
Rf7 22. Bd2 Raf8 23. g5 f4 24. Kh2 hxg5 25. Ng6 Rf6 26. Nxf8 Kxf8 27. Kg2 Nf5
28. Rh1 Nfe3+ 29. Kf2 Rh6 30. Bxe3 fxe3+ 31. Ke1 Nf4 32. Qf1 Qc6 33. Rh2 Rxh3
34. Qg1 Qxf3 0-1

[Event "40th Olympiad Open"]
[Site "Istanbul TUR"]
[Date "2012.09.05"]
[Round "8.36"]
[Board "2"]
[White "Gerzhoy, Leonid"]
[Black "Ahmed, Fuad"]
[Result "1-0"]
[WhiteTitle "IM"]
[WhiteElo "2448"]
[BlackElo "1830"]
[WhiteTeam "Canada"]
[BlackTeam "Maldives"]
[WhiteFideId "2806126"]
[BlackFideId "16700023"]
[EventDate "2012.08.28"]

1. d4 Nf6 2. Nf3 g6 3. c4 Bg7 4. Nc3 d5 5. cxd5 Nxd5 6. e4 Nxc3 7. bxc3 O-O 8.
Be2 c5 9. O-O cxd4 10. cxd4 Nc6 11. Be3 Bg4 12. d5 Ne5 13. Nxe5 Bxe2 14. Qxe2
Bxe5 15. Rac1 Qd7 16. f4 Bg7 17. Rc5 a6 18. Rfc1 Rfc8 19. Qc2 Rxc5 20. Qxc5 Rd8
21. Qc4 e6 22. dxe6 fxe6 23. e5 h5 24. h3 Kh7 25. g4 hxg4 26. hxg4 Qd3 27. Kf2
Qxc4 28. Rxc4 g5 29. Rc7 gxf4 30. Bxf4 Rd5 31. Re7 Ra5 32. Rxe6 Rxa2+ 33. Kg3 b5
34. g5 Kg8 35. g6 Kf8 36. Rb6 Ra3+ 37. Kg4 Ra4 38. Kf5 Rd4 39. Rb8+ Ke7 40. Bg5+ 1-0

[Event "40th Olympiad Open"]
[Site "Istanbul TUR"]
[Date "2012.09.05"]
[Round "8.37"]
[Board "1"]
[White "Rodriguez Vila, Andres"]
[Black "Arias Santana, Mauricio"]
[Result "1-0"]
[WhiteTitle "GM"]
[BlackTitle "IM"]
[WhiteElo "2536"]
[BlackElo "2326"]
[WhiteTeam "Uruguay"]
[BlackTeam "Costa Rica"]
[WhiteFideId "3000010"]
[BlackFideId "6500366"]
[EventDate "2012.08.28"]

1. f4 Nf6 2. Nf3 g6 3. g3 b6 4. Bg2 Bb7 5. d3 d5 6. O-O Bg7 7. a4 O-O 8. c3 a5
9. Na3 Nbd7 10. h3 Ne8 11. g4 Nd6 12. Nc2 Nc5 13. Ncd4 Qe8 14. Qc2 e6 15. Bd2
Na6 16. Qb3 Nc5 17. Qa2 Na6 18. Rae1 c5 19. Nc2 Bc6 20. Ra1 Nc7 21. Ne5 Bb7 22.
Qb3 Ra6 23. g5 f6 24. gxf6 Bxf6 25. Ne3 Bg7 26. d4 cxd4 27. cxd4 b5 28. Qc2 Qe7
29. b3 b4 30. Rac1 Nce8 31. N3g4 Nf5 32. e3 Ra8 33. Nf2 Rc8 34. Qd3 Ned6 35. Rc5
Ra8 36. Rfc1 Ba6 37. Qb1 Be2 38. Rc7 Qh4 39. Be1 Qh5 40. Nfg4 g5 41. Qc2 Ba6 42.
Nd7 gxf4 43. Qc6 Be2 44. Qxa8 Rxa8 45. Ndf6+ Bxf6 46. Nxf6+ Kh8 47. Nxh5 Bxh5
48. exf4 Nxd4 49. Kh2 Nxb3 50. R1c6 Ne8 51. Re7 Nd4 52. Rb6 Ng7 53. Rbb7 Ndf5
54. Ra7 Rg8 55. Rec7 Bd1 56. Rxa5 Ne3 57. Raa7 Nxg2 58. Bxb4 Nxf4 59. Rxg7 Bc2
60. Bc3 1-0

[Event "40th Olympiad Open"]
[Site "Istanbul TUR"]
[Date "2012.09.05"]
[Round "8.37"]
[Board "2"]
[White "Valdes, Leonardo"]
[Black "Crosa Coll, Martin"]
[Result "0-1"]
[WhiteTitle "IM"]
[BlackTitle "IM"]
[WhiteElo "2366"]
[BlackElo "2344"]
[WhiteTeam "Costa Rica"]
[BlackTeam "Uruguay"]
[WhiteFideId "6500331"]
[BlackFideId "3000524"]
[EventDate "2012.08.28"]

1. Nf3 g6 2. c4 Bg7 3. Nc3 d6 4. g3 e5 5. Bg2 f5 6. d3 Nf6 7. O-O O-O 8. Rb1 h6
9. b4 g5 10. Qb3 Qe8 11. b5 Kh8 12. Ba3 Nbd7 13. Nd5 Nxd5 14. cxd5 b6 15. Rfc1
Nc5 16. Qd1 g4 17. Nd2 Bd7 18. Bxc5 bxc5 19. Qb3 h5 20. a4 h4 21. Rc4 Qh5 22.
Qd1 f4 23. Qe1 hxg3 24. hxg3 Bh6 25. Nf1 Rf6 26. Qa5 Bg5 27. Qxc7 f3 28. exf3
gxf3 29. Qxd7 fxg2 30. Nh2 Rh6 31. Kxg2 Qxh2+ 32. Kf1 Qh1+ 33. Ke2 Qxb1 34. Qf5
Rg8 35. Rg4 Qc2+ 36. Kf1 Qd1+ 0-1

[Event "40th Olympiad Open"]
[Site "Istanbul TUR"]
[Date "2012.09.05"]
[Round "8.37"]
[Board "3"]
[White "Roselli Mailhe, Bernardo"]
[Black "Gonzalez, Bernal"]
[Result "1-0"]
[WhiteTitle "IM"]
[BlackTitle "IM"]
[WhiteElo "2420"]
[BlackElo "2413"]
[WhiteTeam "Uruguay"]
[BlackTeam "Costa Rica"]
[WhiteFideId "3000028"]
[BlackFideId "6500170"]
[EventDate "2012.08.28"]

1. d4 d5 2. c4 c6 3. Nf3 Nf6 4. e3 a6 5. Bd3 g6 6. O-O Bg7 7. Nc3 O-O 8. h3 Nbd7
9. b3 b6 10. Bb2 Bb7 11. Qe2 e6 12. Rfd1 Qc7 13. Rac1 Rfe8 14. a4 a5 15. Ne5
dxc4 16. Bxc4 Rad8 17. f4 Qb8 18. Rc2 Nd5 19. Ne4 f6 20. Nd3 Bf8 21. Ndf2 Qa8
22. h4 Nb4 23. Rcd2 b5 24. Bd3 bxa4 25. bxa4 f5 26. Ng5 Nb6 27. Ba1 Ba6 28. h5
N6d5 29. hxg6 hxg6 30. Bxa6 Qxa6 31. Qf3 Bd6 32. e4 Bxf4 33. exd5 Bxg5 34. Rb2
exd5 35. Qg3 Re1+ 36. Rxe1 1-0

[Event "40th Olympiad Open"]
[Site "Istanbul TUR"]
[Date "2012.09.05"]
[Round "8.37"]
[Board "4"]
[White "Alfaro Rojas, Alfonso"]
[Black "Sanguinetti, Luis"]
[Result "1-0"]
[WhiteElo "2239"]
[BlackElo "2218"]
[WhiteTeam "Costa Rica"]
[BlackTeam "Uruguay"]
[WhiteFideId "6500013"]
[BlackFideId "3002608"]
[EventDate "2012.08.28"]

1. d4 d5 2. c4 c6 3. Nc3 Nf6 4. Nf3 dxc4 5. a4 Bf5 6. e3 e6 7. Bxc4 Bb4 8. O-O
O-O 9. Qe2 Bg6 10. Rd1 Nbd7 11. Ne5 Qe7 12. Nxg6 hxg6 13. e4 e5 14. d5 a5 15.
Bg5 Rfd8 16. Rac1 Rac8 17. Na2 Bc5 18. Bd2 Ra8 19. Bb3 cxd5 20. exd5 e4 21. Nc3
Qe5 22. Nb5 Qf5 23. Be3 Bxe3 24. fxe3 Ne5 25. d6 Rd7 26. h3 Qg5 27. Rc7 Rad8 28.
Rdc1 Nh5 29. R7c5 Kh7 30. Qf2 f6 31. Be6 Nd3 32. Rxg5 Nxf2 33. Rxh5+ gxh5 34.
Bxd7 Nd3 35. Rc7 1-0